Sports Quiz

Random Sports or MLB Quiz

MLB - 4,000 Times On Base Club Quiz Stats

 Plays Quiz not verified by Sporcle

Challenge
Share
Tweet
Embed
Score 0/46 Timer 05:00
0 Plays Today
TOB Player % Correct
5929Pete Rose
98.7%
5599Barry Bonds
98.1%
4978Babe Ruth
96.3%
4717Derek Jeter
96.3%
5532Ty Cobb
95.5%
5205Hank Aaron
95.3%
4714Ted Williams
95%
4791Willie Mays
94.5%
5282Stan Musial
93.9%
4379Cal Ripken
91.9%
4274Lou Gehrig
90.6%
4256Chipper Jones
90.2%
4161Mickey Mantle
89.9%
5304Carl Yastrzemski
88.9%
5343Rickey Henderson
88.1%
4629Alex Rodriguez
87.9%
4283George Brett
87.7%
4505Craig Biggio
87.6%
4222Frank Thomas
86.2%
4156Robin Yount
86%
4212*Albert Pujols
86%
4174Ken Griffey, Jr.
84.4%
4012Manny Ramirez
82.7%
TOB Player % Correct
4460Paul Molitor
79.2%
4111Jimmie Foxx
78.6%
4508Honus Wagner
77.9%
4648Mel Ott
77.4%
4144Jim Thome
77.3%
4339Al Kaline
76.4%
4055Reggie Jackson
75.4%
4561Frank Robinson
74.5%
4606Eddie Murray
73.9%
4422Joe Morgan
72.6%
4460Rafael Palmeiro
69.5%
4096Rod Carew
68.1%
4445Wade Boggs
66.5%
4998Tris Speaker
65.4%
4299Gary Sheffield
64.9%
4451Cap Anson
59%
4016Rogers Hornsby
57%
4281Paul Waner
54.5%
4891Eddie Collins
48.7%
4351Dave Winfield
44.6%
4062Luke Appling
40.6%
4075Charlie Gehringer
40.4%
4050Rusty Staub
14.9%

You're not logged in!

Compare scores with friends on all Sporcle quizzes.
OR
Log In

You Might Also Like...

Show Comments

Extras

Top Quizzes Today


Score Distribution

Your Account Isn't Verified!

In order to create a playlist on Sporcle, you need to verify the email address you used during registration. Go to your Sporcle Settings to finish the process.

Report this User

Report this user for behavior that violates our Community Guidelines.

Details: